书目信息 |
| 题名: |
建设项目管理学
|
|
| 作者: | 俞文青 编著 | |
| 分册: | ||
| 出版信息: | 上海 立信会计图书用品社 1988.10 |
|
| 页数: | 541页 | |
| 开本: | 20厘米 | |
| 丛书名: | 上海财经大学丛书 | |
| 单 册: | ||
| 中图分类: | F426.9 | |
| 科图分类: | ||
| 主题词: | ||
| 电子资源: | ||
| ISBN: | 7-5429-0032-3 | |
| 000 | 00735nam2 2200241 45 | |
| 001 | 0189015182 | |
| 005 | 20060810110518.18 | |
| 010 | @a7-5429-0032-3@dCNY5.06 | |
| 020 | @aCN@b89015182 | |
| 100 | @a19910304d1988 m y0chiy0120 ea | |
| 101 | 0 | @achi |
| 102 | @aCN@b310000 | |
| 105 | @ay z 000yy | |
| 200 | 10 | @a建设项目管理学@Ajian she xiang mu guan li xue@f俞文青编著@Fyu wen qing bian zhu |
| 210 | @a上海@c立信会计图书用品社@d1988.10 | |
| 215 | @a541页@d20厘米 | |
| 225 | 2 | @a上海财经大学丛书 |
| 410 | 0 | @120010@a上海财经大学丛书 |
| 540 | 1 | @a建设 项目 管理学@Ajian she xiang mu guan li xue |
| 690 | @aF426.9@v1980 | |
| 701 | 0 | @a俞文青@Ayu wen qing@4编著 |
| 801 | 0 | @aCN@bTSSF@c20060810 |
| 905 | @a10447@dF426.9@e170 | |
| 建设项目管理学/俞文青编著.-上海:立信会计图书用品社,1988.10 |
| 541页;20厘米.-(上海财经大学丛书) |
| ISBN 7-5429-0032-3:CNY5.06 |
| ● |
| 相关链接 |
|
|
|
|
正题名:建设项目管理学
索取号:F426.9/170
 
预约/预借
| 序号 | 登录号 | 条形码 | 馆藏地/架位号 | 状态 | 备注 |
| 1 | 0448401 | 204484012 | 密集书库/ [索取号:F426.9/170] | 在馆 |